000 00287nam a2200109Ia 4500
008 190216s9999||||xx |||||||||||||| ||und||
100 _aGhosh P.K
245 0 _aBusiness Policy Strategic Planning And Management
260 _bTata Mcgrawhill Publishers
_c1999
300 _a542p
942 _cBK
999 _c5989
_d5989